| 000 | 03539nam a2200277 a 4500 | ||
|---|---|---|---|
| 001 | 000030700 | ||
| 003 | DO-SdBNP | ||
| 005 | 20241011131916.0 | ||
| 008 | 110526s1954 dr 000 0 spa d | ||
| 040 |
_aDO-SdBNP _bspa _cBNPHU |
||
| 049 | _aBNPD | ||
| 082 |
_a972.93053 _bV427c |
||
| 245 | 0 | 0 |
_a23 conferencias acerca de las últimas leyes de protección social promulgadas por el poder / _cJaime Guerrero Ávila... [et al.]. |
| 246 | 1 | 0 | _aVeinte y tres conferencias acerca de las últimas leyes de protección social promulgadas |
| 260 |
_aCiudad Trujillo, República Dominicana : _bPartido Dominicano, _c1954. |
||
| 300 |
_a294 p. ; _c23 cm. |
||
| 505 | 0 |
_gIntroducción -- _tLa obra social del jefe en la lucha anticomunista del mundo cristiano / _rJaime A. Guerrero Ávila -- _tLa Era de Trujillo construye un ciclo espléndido para la patria dominicana / _rÁlvaro A. Arvelo-- _tPolítica social del generalísimo Trujillo / _rMariano Ariza Hernández -- _tLa Era de Trujillo y la justicia social / _rOsvaldo B. Soto -- _tPerspectiva histórica de la política social de Trujillo / _rVirgilio Díaz Grullón -- _tJusticia social, postulado básico de una política / _rJosé Amadeo Rodríguez -- _tPolítica social en La Era de Trujillo / _rCarlos Curiel -- _tAspectos de la legislación social en La Era de Trujillo / _tEduardo Read Barreras -- _tLegislación social en La Era de Trujillo / _rRafael Alburquerque Contreras -- _tConsideraciones acerca de la política social del generalísimo Trujillo. Proporciones de la misma. Las últimas leyes promulgadas como complemento de esa política social / _rAndrés Vicioso G. -- _tLa legislación social en La Era de Trujillo y sus más recientes logros / _rSalvador Barinas Coiscou -- _tLas leyes sociales promulgadas recientemente / _rFernando E. Ravelo de la Fuente -- _tLos desamparados en el derecho civil trujilloniano / _rEurípides Roques Román. |
|
| 505 | 0 |
_tEspléndida realidad en el proceso evolutivo de la legislación de asistencia social en La Era de Trujillo / _rLuis Rafael Hernández A. -- _tPolítica social de Trujillo / _rPedro A. Cambiaso Lluberes -- _tAlgunos aspectos de la política social de Trujillo : recientes disposiciones legales al respecto / _rHermogénes Encarnación soto -- _tConquistas sociales de La Era de Trujillo y sus proyecciones anticomunistas / _rFrancisco Sánchez Báez -- _tOrden, paz y felicidad / _rLuis Columna Velazco -- _tLas últimas leyes inspirada por Trujillo en provecho de su pueblo / _rCésar A. de Castro Guerra -- _tTrascendencia de la política social del generalísimo Trujillo / _rLuis Rafael Ortega Oller -- _tBreve estudio de la legislación social en la República Dominicana / _rJosé Cassá Logroño -- _tLa preocupación social en la estructuración de una política / _rBienvenido Canto y Rosario -- _tAlcance de la legislación social en La Era de Trujillo / _rPedro Julio Báez K. |
|
| 651 | 4 |
_aRepública Dominicana _xPolítica social _xHistoria _yEra de Trujillo, 1930-1961 _xEnsayos, Conferencias, Etc. _957275 _vEnsayos, conferencias, etc. |
|
| 651 | 4 |
_aRepública Dominicana _xCondiciones sociales _yEra de Trujillo, 1930-1961 _xEnsayos, conferencias, etc. _957276 |
|
| 651 | 7 |
_aRepública Dominicana _xHistoria _yEra de Trujillo, 1930-1961 _xEnsayos, conferencias, etc. _930520 _2LEMB |
|
| 651 | 7 |
_aRepública Dominicana _xPolítica y gobierno _yEra de Trujillo, 1930-1961 _vEnsayos, conferencias, etc. _930546 _2LEMB |
|
| 710 | 2 | 2 |
_aPartido Dominicano (República Dominicano) _957277 |
| 910 | _aValidado. Control de calidad EMS. | ||
| 942 |
_2ddc _cLBS1 |
||
| 999 |
_c30192 _d30192 |
||